| 000 | 00586nam a22002053a 4500 | ||
|---|---|---|---|
| 005 | 20210219153853.0 | ||
| 008 | 011001s1994 mx fr 000 0 spa d | ||
| 020 | _a9682964199 | ||
| 035 | _aUPN01000112283 | ||
| 049 | _aCG | ||
| 050 | 4 |
_aHF3239.48 _bR3.7 |
|
| 100 | 1 | _aRamírez, Luis Alfonso | |
| 245 | 1 | 0 |
_aSecretos de familia : _blibaneses y élites empresariales en Yucatán / _cLuis Alfonso Ramírez. |
| 260 |
_aMéxico : _bCNCA, _c1994. |
||
| 300 |
_a487 p. : _bil. |
||
| 440 | 0 | _aRegiones | |
| 650 | 4 | _aLIBANESES EN YUCATAN | |
| 651 | 4 |
_aYUCATAN - _xCOMERCIO |
|
| 905 | _aLibro | ||
| 999 |
_c86191 _d86191 |
||